| 000 | 00605nam a2200193 i 4500 | ||
|---|---|---|---|
| 001 | 182361 | ||
| 003 | ES-MaACL | ||
| 005 | 20230906221605.0 | ||
| 007 | t| | ||
| 008 | 130806s1989 ck r ||||1| spa d | ||
| 100 | 1 |
_aPérez Pérez, Amadeo. _991079 |
|
| 245 | 1 | 0 |
_aSonetos y otros poemas cortos... desde el laberinto / _cAmadeo Pérez Pérez. |
| 260 |
_aMedellín : _bLea, _c1989. |
||
| 300 |
_a32 p. ; _c22 cm. |
||
| 490 | 1 |
_aPoesía pragmática ; _v1 |
|
| 830 | 0 |
_aPoesía pragmática ; _v1 _9224825 |
|
| 852 |
_aES-MaACL _j2319-F-24 _z.- Dedicatoria manuscrita del autor |
||
| 999 |
_c182361 _d182361 |
||